000 00953nas a2200325 4500
001 BR9703790
003 BR-BrBNA
005 20231205100400.0
007 ta
008 230509b bl.|||p| |||| 00| 00por d
040 _aBR-BrBNA
_bpor
_cBiblioteca Nacional de Agricultura
041 _a(Pt)
072 _aF04
100 1 _aMascarenhas, H.A.A.
100 1 _aTamaka, R.T.
100 1 _aGallo, P.B.
100 1 _aPereira, J.C.V.N.A.
100 1 _aAmbrosano, G.M.B.
100 1 _aCarmello, Q.A.C.
245 1 _aEfeito da calagem sobre a produtividade de graos, oleo e proteina em cultivares precoces de soja
650 _aSoja
650 _aCalagem
650 _aOleo Vegetal
650 _aProteina Vegetal
650 _aVariedade
650 _aRendimento
773 0 _tScientia Agricola (Brazil)
_xISSN 0103-9016
_g(Jan-Apr 1996), v. 53(1) p. 164-171
_wBR9703790
909 _a202311
_bLúcia
_c55
_dLúcia Elande
942 _2AGRIS
_n0
_cANA
999 _c155698
_d155698